| 000 | 00351nam a2200145Ia 4500 | ||
|---|---|---|---|
| 008 | 230312s9999||||xx |||||||||||||| ||und|| | ||
| 020 | _a1-45119-177-6 | ||
| 082 |
_a615.1076 _bLIP-P |
||
| 100 | _aHarvey;Richard.A | ||
| 245 | 0 | _aPharmacology | |
| 260 |
_bWolters Kluwer _aChina _c2016 |
||
| 300 | _a664 | ||
| 650 |
_aMedical _vPharmacology |
||
| 942 | _cBK | ||
| 999 |
_c8151 _d8151 |
||